<?xml version="1.0" encoding="UTF-8"?>
<record
    xmlns:xsi="http://www.w3.org/2001/XMLSchema-instance"
    xsi:schemaLocation="http://www.loc.gov/MARC21/slim http://www.loc.gov/standards/marcxml/schema/MARC21slim.xsd"
    xmlns="http://www.loc.gov/MARC21/slim">

  <leader>00484nam a22001697a 4500</leader>
  <controlfield tag="003">OSt</controlfield>
  <controlfield tag="005">20231107073018.0</controlfield>
  <controlfield tag="008">231107b        |||||||| |||| 00| 0 eng d</controlfield>
  <datafield tag="040" ind1=" " ind2=" ">
    <subfield code="c">IIMT ENGINEERING COLLEGE</subfield>
  </datafield>
  <datafield tag="100" ind1=" " ind2=" ">
    <subfield code="a">Rajaraman V.</subfield>
  </datafield>
  <datafield tag="245" ind1=" " ind2=" ">
    <subfield code="a">Fundamentals Of Computers</subfield>
  </datafield>
  <datafield tag="250" ind1=" " ind2=" ">
    <subfield code="a">6th</subfield>
  </datafield>
  <datafield tag="260" ind1=" " ind2=" ">
    <subfield code="a">New Delhi:Phi</subfield>
    <subfield code="b">New Delhi:Phi,  Arishta</subfield>
    <subfield code="c">31-10-2023, New Delhi:Phi,  Arishta</subfield>
  </datafield>
  <datafield tag="300" ind1=" " ind2=" ">
    <subfield code="a">428</subfield>
  </datafield>
  <datafield tag="440" ind1=" " ind2=" ">
    <subfield code="a">Fundamentals Of Computers </subfield>
    <subfield code="x">9788120350670</subfield>
  </datafield>
  <datafield tag="942" ind1=" " ind2=" ">
    <subfield code="2">ddc</subfield>
    <subfield code="c">02</subfield>
    <subfield code="e">6th</subfield>
  </datafield>
  <datafield tag="999" ind1=" " ind2=" ">
    <subfield code="c">57636</subfield>
    <subfield code="d">57636</subfield>
  </datafield>
  <datafield tag="952" ind1=" " ind2=" ">
    <subfield code="0">0</subfield>
    <subfield code="1">0</subfield>
    <subfield code="2">ddc</subfield>
    <subfield code="4">0</subfield>
    <subfield code="7">0</subfield>
    <subfield code="a">14</subfield>
    <subfield code="b">14</subfield>
    <subfield code="d">0000-00-00</subfield>
    <subfield code="g">495.00</subfield>
    <subfield code="i">Ho-in-89  31-10-2023</subfield>
    <subfield code="l">0</subfield>
    <subfield code="p">14-B-4033</subfield>
    <subfield code="r">2023-11-07</subfield>
    <subfield code="t">5</subfield>
    <subfield code="w">2023-11-07</subfield>
    <subfield code="y">02</subfield>
  </datafield>
  <datafield tag="952" ind1=" " ind2=" ">
    <subfield code="0">0</subfield>
    <subfield code="1">0</subfield>
    <subfield code="2">ddc</subfield>
    <subfield code="4">0</subfield>
    <subfield code="7">0</subfield>
    <subfield code="a">14</subfield>
    <subfield code="b">14</subfield>
    <subfield code="d">0000-00-00</subfield>
    <subfield code="g">495.00</subfield>
    <subfield code="i">Ho-in-89  31-10-2023</subfield>
    <subfield code="l">0</subfield>
    <subfield code="p">14-B-4034</subfield>
    <subfield code="r">2023-11-07</subfield>
    <subfield code="t">6</subfield>
    <subfield code="w">2023-11-07</subfield>
    <subfield code="y">02</subfield>
  </datafield>
  <datafield tag="952" ind1=" " ind2=" ">
    <subfield code="0">0</subfield>
    <subfield code="1">0</subfield>
    <subfield code="2">ddc</subfield>
    <subfield code="4">0</subfield>
    <subfield code="7">0</subfield>
    <subfield code="a">14</subfield>
    <subfield code="b">14</subfield>
    <subfield code="d">0000-00-00</subfield>
    <subfield code="g">495.00</subfield>
    <subfield code="i">Ho-in-89  31-10-2023</subfield>
    <subfield code="l">0</subfield>
    <subfield code="p">14-B-4035</subfield>
    <subfield code="r">2023-11-07</subfield>
    <subfield code="t">7</subfield>
    <subfield code="w">2023-11-07</subfield>
    <subfield code="y">02</subfield>
  </datafield>
  <datafield tag="952" ind1=" " ind2=" ">
    <subfield code="0">0</subfield>
    <subfield code="1">0</subfield>
    <subfield code="2">ddc</subfield>
    <subfield code="4">0</subfield>
    <subfield code="7">0</subfield>
    <subfield code="a">14</subfield>
    <subfield code="b">14</subfield>
    <subfield code="d">0000-00-00</subfield>
    <subfield code="g">495.00</subfield>
    <subfield code="i">Ho-in-89  31-10-2023</subfield>
    <subfield code="l">0</subfield>
    <subfield code="p">14-B-4036</subfield>
    <subfield code="r">2023-11-07</subfield>
    <subfield code="t">8</subfield>
    <subfield code="w">2023-11-07</subfield>
    <subfield code="y">02</subfield>
  </datafield>
  <datafield tag="952" ind1=" " ind2=" ">
    <subfield code="0">0</subfield>
    <subfield code="1">0</subfield>
    <subfield code="2">ddc</subfield>
    <subfield code="4">0</subfield>
    <subfield code="7">0</subfield>
    <subfield code="a">14</subfield>
    <subfield code="b">14</subfield>
    <subfield code="d">0000-00-00</subfield>
    <subfield code="g">495.00</subfield>
    <subfield code="i">Ho-in-89  31-10-2023</subfield>
    <subfield code="l">0</subfield>
    <subfield code="p">14-B-4037</subfield>
    <subfield code="r">2023-11-07</subfield>
    <subfield code="t">9</subfield>
    <subfield code="w">2023-11-07</subfield>
    <subfield code="y">02</subfield>
  </datafield>
</record>
